000 01679nam a2200505 i 4500
001 52386
003 KOSZ 005
005 20220722140104.0
008 001209s2000 pl a |000 0 pol
015 _aUWD 2001/162
020 _a8320812798
020 _a8320813018
035 _a991015320299705066
035 _a(PL-WaBN)b14114367-48omnis_nlop
035 _ab14114367
035 _a(OCoLC)749480540
035 _a(PL)b0000001411436
035 _a(EXLNZ-48OMNIS_NETWORK)9910413757705606
040 _aWA N
_cWA N
_dWA N
_dKOSZ 005/HR
041 0 _apol
046 _k2000
080 _a005.31
080 _a004.42
080 _a(075.8)
245 0 0 _aDecyzje menedżerskie z Excelem :
_bpraca zbiorowa /
_cpod red. Tomasza Szapiro ; aut. Tomasz Szapiro [et al.].
260 _aWarszawa :
_bPolskie Wydawnictwo Ekonomiczne,
_c2000.
300 _a413, [2] s. :
_bil. ;
_c24 cm +
_eCD ROM.
336 _aTekst
_btxt
_2rdacontent
337 _aBez urządzenia pośredniczącego
_bn
_2rdamedia
338 _aWolumin
_bnc
_2rdacarrier
380 _aKsiążki
388 _a1901-2000
388 _a1989-2000
504 _aBibliogr. przy rozdz.
650 7 _aDecyzje
_2DBN
650 7 _aExcel
_2DBN
650 7 _aSystemy informatyczne zarządzania
_2DBN
655 7 _aPodręczniki akademickie
_2DBN
658 _aInformatyka i technologie informacyjne
700 1 _aSzapiro, Tomasz
_d(1950- )
_eRedakcja
710 2 _aPolskie Wydawnictwo Ekonomiczne
_4pbl
856 _uhttp://koha.tu.koszalin.pl/cgi-bin/koha/opac-detail.pl?biblionumber=52386
_yKatalog online BPK
942 _2UKD
_cKS
999 _c52386
_d52386